000
00312nam a2200145Ia 4500
100
_a
GIBLIN/LESS
650
_a
Communication skills
942
_c
BK
366
_f
20
245
_a
HOW TO HAVE CONFIDENCE
260
_b
MANJUL PUBL.
_a
New Delhi
_c
2012
082
_a
170/GIB
300
_a
665
546
_a
ENGLISH
999
_c
35289
_d
35289